000 00325nam a22001337a 4500
020 _a0070606609
082 _222
_a530.141
100 _aEdminister, J. A.
245 _aElectromagnetics /
250 _a2nd.
260 _aNew Delhi,
_bTata McGraw Hill,
_cc2007.
300 _axi, I-3 p. ;
_bill. ;
_c24 cm.
942 _2ddc
_cEE
_067
999 _c1872
_d1872